Les 30 personnages Marvel avec le plus de temps à l'écran - Statistiques

Statistiques générales
  • Ce quiz a été pris 8 773 fois
    5 200 depuis la dernière actualisation
  • Le résultat moyen est 19 sur 30
Statistiques - réponses
Temps total à l'écran Personnage % Correct
5h 57min 45 s Tony Stark / Iron Man
100%
2h 21min 45s Bruce Banner / Hulk
97%
4h 03min 30s Steve Rogers / Captain America
97%
4h 06min 15s Peter Parker / Spider-Man
95%
4h 20min 30s Thor
95%
2h 56min 00s Natasha Romanoff / Black Widow
91%
0h 44min 45s Thanos
84%
0h 50min 30s Clint Barton / Hawkeye
79%
1h 18min 30s Loki
79%
1h 14min 00s Princesse Shuri / Black Panther
77%
2h 43min 45s Stephen Strange / Doctor Strange
77%
1h 05min 00s T'Challa / Black Panther
77%
1h 03min 15s Wanda Maximoff / Sorcière Rouge
77%
1h 51min 45s Scott Lang / Ant-Man
75%
1h 39min 00s Peter Quill / Star-Lord
73%
1h 19min 45s Gamora
71%
0h 54min 30s Rocket
70%
1h 08min 00s Nick Fury
69%
1h 11min 15s Carol Danvers / Captain Marvel
61%
0h 42min 15s Drax le Destructeur
55%
0h 48min 30s James "Bucky" Barnes / Le Loup Blanc
53%
0h 52min 00s Hope van Dyne / La Guêpe
50%
1h 09min 45s Pepper Stark / Rescue
49%
0h 58min 45s Le colonel James "Rhodey" Rhodes / War Machine
46%
0h 49min 30s Michelle Jones
31%
1h 15min 30s Jane Foster / Mighty Thor
29%
0h 47min 15s Ned Leeds
24%
0h 49min 00s Henry "Hank" Pym
16%
1h 03min 00s Shaun / Shang-Chi
15%
0h 46min 15s Sersi
3%
Aucun quiz correspondant
Distribution des résultats
% des personnes avec chaque résultat
Percentile par nombre de réponses
Votre historique - résultats
Vous n’avez pas pris ce quiz depuis la dernière actualisation